Premier League Top Scorers - All Time Quiz Stats

 Plays Quiz not verified by Sporcle

Support Sporcle.
Go Orange.
Score 0/20 Timer 05:00
0 Plays Today
Goals Answer % Correct
180 (at time of writing)Sergio Aguero
100%
260Alan Shearer
98.6%
136 (at time of writing)Harry Kane
98.6%
208Wayne Rooney
97.2%
175Thierry Henry
94.4%
177Frank Lampard
91.7%
187Andy Cole
88.9%
120Steven Gerrard
87.5%
150Michael Owen
80.6%
162Jermain Defoe
79.2%
Goals Answer % Correct
163Robbie Fowler
76.4%
123Dwight Yorke
72.2%
113Ian Wright
68.1%
126Robbie Keane
59.7%
149Les Ferdinand
58.3%
127Jimmy Floyd Hasselbaink
55.6%
113Romelu Lukaku
52.8%
125Nicolas Anelka
47.2%
144Robin van Persie
40.3%
146Teddy Sheringham
36.1%

You're not logged in!

Compare scores with friends on all Sporcle quizzes.
OR
Log In

From the Vault

3-D Holidays

by samc67

3D glasses are the perfect accessory to complement that ugly holiday sweater of yours.
Remove Ads.
Support Sporcle.
Get the best of Sporcle when you Go Orange. This ad-free experience offers more features, more stats, and more fun while also helping to support Sporcle. Thank you for becoming a member.

Show Comments

Extras

Top Quizzes Today


Score Distribution

Your Account Isn't Verified!

In order to create a playlist on Sporcle, you need to verify the email address you used during registration. Go to your Sporcle Settings to finish the process.

Report this User

Report this user for behavior that violates our Community Guidelines.

Details: